00931 2200217 4500001002100000005001500021035002000036007000300056008004100059020002000100082001000120084001600130100002200146245006300168250002600231260003200257300004700289650001500336520034600351990001600697INLIS00000000000012320220620123442 a0010-0622000044ta220620 b 0 ind  a978-602232674-8 a372.7 a372.7 RIK m0 aRika Setyaningsih1 aMatematika 3 :buntuk SD/MI Kelas III /cRika Setyaningsih aKurikulum 2013 Revisi aSidoarjo :bMasmedia,c2019 a182 halaman :bilustrasi berwarna ;c27 cm 4aMatematika aPembelajaran pada Sekolah Dasar/Madrasah Ibtidaiyah (SD/MI) dilakukan dengan pendekatan tematik terpadu. Akan tetapi, pelajaran Matematika merupakan mata pelajaran yang berdiri sendiri untuk kelas IV, V, dan VI sesuai dengan ketentuan Permendikbud No. 24 Tahun 2016 tentang Kompetensi Inti dan Kompetensi Dasar Pelajaran pada Kurikulum 2013. a00000000183